000 00511nam a2200217Ia 4500
003 0100
008 130227s9999 xx 000 0 und d
040 _cARRUPELIB
050 _aBT102.B35
100 _aBarnes, Jonathan
245 4 _aThe ontological argument
260 _aLondon
260 _bMacmillan
260 _C1972
300 _a98p.
300 _b 23 cm
650 _bMarriage customs & rites - Sudan, Egyptian
650 _cKingship
650 _dNuer (African people)
942 _2lcc
_01
999 _c1285
_d1285